Communities across borders : new immigrants and transnational cultures
Αποθηκεύτηκε σε:
| Άλλοι συγγραφείς: | , |
|---|---|
| Μορφή: | Βιβλίο |
| Γλώσσα: | English |
| Δημοσίευση: |
London; New York :
Routledge,
2002
|
| Σειρά: | Transnationalism. Routledge research in transnationalism ;
; 5 |
| Θέματα: | |
| Ετικέτες: |
Προσθήκη ετικέτας
Δεν υπάρχουν, Καταχωρήστε ετικέτα πρώτοι!
|
MARC
| LEADER | 00000nam a2200000 i 4500 | ||
|---|---|---|---|
| 001 | 1/46722 | ||
| 008 | 070622s2002 eng d | ||
| 020 | |a 978-0-415-40672-7 (pbk.) | ||
| 020 | |a 0-415-40672-2 (pbk.) | ||
| 035 | |l 10088451 | ||
| 040 | |a GR-MY-UA |b gre |e aacr | ||
| 041 | 0 | |a eng | |
| 082 | 0 | |a 303.482 |2 (22) | |
| 245 | 1 | 0 | |a Communities across borders : |b new immigrants and transnational cultures / |c edited by Paul Kennedy and Victor Roudometof |
| 260 | |a London; New York : |b Routledge, |c 2002 | ||
| 300 | |a xiv, 207 σ.; |c 24 εκ. | ||
| 490 | 1 | |a Transnationalism |v ; 5 | |
| 504 | |a Βιβλιογραφία: σ. [182]-199 | ||
| 504 | |a Περιέχει ευρετήριο | ||
| 650 | 0 | 0 | |a Intercultural communication. |
| 650 | 0 | 0 | |a Transnationalism. |
| 700 | 1 | |a Kennedy, Paul T. |d 1941- |4 edt | |
| 700 | 1 | |a Roudometof, Victor, |d 1964- |4 edt | |
| 830 | 0 | |a Transnationalism. Routledge research in transnationalism ; |v ; 5 | |
| 852 | |a INST |b LESVOS |e 20070622 |h 303.482 COM |p 005100038213 |q 005100038213 |t BK |y 0 | ||
| 901 | |a BIBL1-2007-2 | ||
| 909 | |a Λ |b 132893 | ||
| 920 | |a ΕΠΕΑΕΚ ΚΟΙΝΩΝΙΚΗΣ ΑΝΘΡΩΠΟΛΟΓΙΑΣ ΚΑΙ ΙΣΤΟΡΙΑΣ "ΠΥΘΑΓΟΡΑΣ" |y ΛΕΣΒΟΣ |z 2007-06 | ||
| 970 | |a ΒΑΡΚΑ |b ΕΛΕΥΘΕΡΙΑ |z 2007/06/22 | ||